| 000 | 00621nam a22002411c 4500 | ||
|---|---|---|---|
| 001 | a987688632 | ||
| 008 | 171108s2017 gw |||| 000u rus d | ||
| 020 |
_a9785235040250 _9978-5-235-04025-0 |
||
| 041 | _arus | ||
| 100 | 1 | _aKulanov, Aleksandr Evgen'evič | |
| 245 | 0 | 0 | _aOščepkov |
| 264 |
_aMoskva : _bMolodaja gvardija, _c2017 |
||
| 300 | _a383 Seiten | ||
| 600 | 0 | _aOščepkov, Vasilij Sergeevič | |
| 650 | 0 | _aSambo | |
| 650 | 0 | _aKampfsport | |
| 650 | 0 | _aSport | |
| 651 | 0 | _aSowjetunion | |
| 942 | _cMG | ||
| 040 | _cRU-10907106 | ||
| 003 | RU-10907106 | ||
| 999 |
_c48238 _d48238 |
||
| 490 | 0 |
_aŽizn' zamečatel'nych ljudej _v1867 |
|